Statistiques concernant Villes avec le plus d'ambassades étrangères

Cliquez ici pour prendre le quiz!

Statistiques générales

  • Ce quiz a été pris 12 585 fois
  • Le résultat moyen est 15 sur 21

Statistiques - réponses

ville% Correct
158Paris
100%
168Londres
95%
177Washington
95%
160Berlin
94%
121Madrid
93%
166Pékin
93%
148Moscou
92%
140Rome
91%
153Tokyo
91%
131Brasilia
76%
130Ottawa
76%
183Bruxelles
75%
150New Delhi
70%
110Séoul
61%
141Le Caire
57%
117Vienne
53%
125Ankara
51%
107Stockholm
48%
133Pretoria
33%
107La Haye
15%
108Addis-Abeba
8%

Distribution des résultats

Percentile par nombre de réponses

% des personnes avec chaque résultat

Votre développement - résultats

Vous n’avez pas pris ce quiz